|
|
|
|
| LEADER |
00000cam a2200000 4500 |
| 001 |
vtls012270455 |
| 003 |
SK-MaSNL |
| 005 |
20260301170030.0 |
| 008 |
250203t2024 xo da grn 001 0 slo |
| 015 |
|
|
|a SNBA2025/4
|
| 020 |
|
|
|a 9788099982223
|q (brožované)
|
| 040 |
|
|
|a SNK
|b slo
|c SNK
|e rda
|
| 041 |
1 |
|
|a slo
|h ger
|
| 044 |
|
|
|a xo
|c SK
|
| 072 |
|
7 |
|a 364
|x Sociálne problémy vyžadujúce podporu a pomoc. Sociálne zabezpečenie
|2 konspekt
|
| 080 |
|
|
|a 364.635-053.2
|2 2011
|
| 080 |
|
|
|a 364.63-053.2
|2 2011
|
| 080 |
|
|
|a 347.63
|2 2011
|
| 080 |
|
|
|a 159.922.72
|2 2011
|
| 080 |
|
|
|a 159.922.7
|2 2011
|
| 080 |
|
|
|a 615.851-053.2
|2 2011
|
| 080 |
|
|
|a (048.8)
|2 2011
|
| 100 |
1 |
|
|a Klitzing, Kai von,
|d 1954-
|4 aut
|9 253429
|
| 240 |
1 |
0 |
|a Vernachlässigung. Betreuung und Therapie von emotional vernachlässigten und misshandelten Kinder
|l Slovensky
|
| 245 |
1 |
0 |
|a Zanedbávanie
|b starostlivosť a terapia u emočne zanedbávaných a týraných detí : individuálny a systémový prístup
|c Kai von Klitzing ; preklad: Katarína Széherová
|
| 246 |
3 |
0 |
|a Starostlivosť a terapia u emočne zanedbávaných a týraných detí
|
| 264 |
|
1 |
|a Bratislava
|b Vydavateľstvo F, Pro mente sana
|c [2024]
|
| 264 |
|
4 |
|c ©2024
|
| 300 |
|
|
|a 231 strán
|b grafy, tabuľky
|c 21 cm
|
| 336 |
|
|
|a text
|b txt
|2 rdacontent
|
| 337 |
|
|
|a bez média
|b n
|2 rdamedia
|
| 338 |
|
|
|a zväzok
|b nc
|2 rdacarrier
|
| 500 |
|
|
|a Obsahuje profesijné údaje o autorovi
|
| 500 |
|
|
|a Obsahuje glosár
|
| 500 |
|
|
|a Obsahuje poznámky pod čiarou
|
| 500 |
|
|
|a Pravdepodobne preložené z nemčiny
|
| 500 |
|
|
|a Obsahuje stručné profesijné údaje o autorovi na zadnej strane obálky publikácie
|
| 504 |
|
|
|a Obsahuje bibliografiu na strane 211-227 a register
|
| 650 |
0 |
7 |
|a zanedbávané deti
|2 SNKPH
|9 79285
|
| 650 |
0 |
7 |
|a týrané deti
|2 SNKPH
|9 60096
|
| 650 |
0 |
7 |
|a starostlivosť o dieťa
|2 SNKPH
|9 2563
|
| 650 |
0 |
7 |
|a vývoj dieťaťa
|2 SNKPH
|9 67528
|
| 650 |
0 |
7 |
|a psychológia dieťaťa
|2 SNKPH
|9 1793
|
| 650 |
0 |
7 |
|a detská psychoterapia
|2 SNKPH
|9 68135
|
| 650 |
0 |
7 |
|a Neglect children
|2 SNKPHeng
|9 367795
|
| 650 |
0 |
7 |
|a Abused children
|2 SNKPHeng
|9 329549
|
| 650 |
0 |
7 |
|a Child care
|2 SNKPHeng
|9 265361
|
| 650 |
0 |
7 |
|a Child development
|2 SNKPHeng
|9 312623
|
| 650 |
0 |
7 |
|a Child psychology
|2 SNKPHeng
|9 275048
|
| 650 |
0 |
7 |
|a Child psychotherapy
|2 SNKPHeng
|9 342778
|
| 655 |
|
7 |
|a monografie
|2 SNKPH
|9 70139
|
| 655 |
|
7 |
|a Monographs
|2 SNKPHeng
|9 120675
|
| 700 |
1 |
|
|a Széherová, Katarína
|4 trl
|9 125729
|
| 852 |
|
|
|a Slovenská národná knižnica
|
| 919 |
|
|
|a 978-80-99982-22-3
|
| 954 |
|
|
|a odborná, vedecká literatúra cudzojazyčná (svetová)
|2 lita
|
| 958 |
|
|
|a NB
|
| 958 |
|
|
|a OP
|
| 958 |
|
|
|a DE
|
| 999 |
|
|
|c 826247
|d 828177
|
| 952 |
|
|
|a SNK
|b SNK
|c SNK_KF
|y PREZ
|7 6
|p 17A1566281
|o snkSC 209807
|i snk2025/5178
|8 0
|0 0
|1 0
|4 0
|d 2025-03-21
|l 0
|r 2025-11-03 00:00:00
|w 2026-02-24
|
| 952 |
|
|
|a SNK
|b SNK
|y VYP
|7 0
|p 17A1580794
|o snkSC 209807 D1
|i snk2025/15884
|8 3
|g 12.30
|0 0
|1 0
|4 0
|d 2025-10-07
|l 0
|r 2026-02-24 03:21:18
|w 2026-02-24
|